Missing Word: Octopus VI Quiz Stats

 Plays Quiz Updated Jun 28, 2012

Support Sporcle.
Go Orange.
Score 0/40 Timer 03:00
1 Play Today
Missing Word % Correct
Now
95.9%
Mary
95.3%
Rock
95%
Piña
94.9%
Tutti
94.4%
Kate
93.7%
Candy
93.6%
Nicole
93.6%
Dog
93.3%
Natalie
91.9%
Let
89.8%
Mamma
89.8%
Bullock
89.1%
All
88.9%
Beach
88.7%
Iced
86.6%
Clown
85%
Hard
83.1%
Theron
81.3%
vs.
80.3%
Missing Word % Correct
Don't
80.2%
Mai
78%
Popcorn
77.4%
Choice
75.1%
Strawberry
74.9%
Abbey
71.3%
Bob
67.4%
Suns
66.3%
Utah
64.5%
Cleveland
63.2%
Warriors
62.3%
Deer
60.8%
Me
54%
Toasted
46.1%
Grizzlies
46.1%
Rubber
34.3%
Fat
34.1%
Wiggum
33.1%
Disco
31.1%
Wild
30.2%

Today's Daily Dose

Missing Word
'80s Musicals

Word Ladder
Hereditary

Get the Picture
Food Names

From the Vault

Animal Bands

by Derek

Music 7m
This quiz is just like a zoo, but with guitars and....no, it just a zoo.
Remove Ads.
Support Sporcle.
Get the best of Sporcle when you Go Orange. This ad-free experience offers more features, more stats, and more fun while also helping to support Sporcle. Thank you for becoming a member.

Show Comments

Extras

Top Quizzes Today


Score Distribution

Your Account Isn't Verified!

In order to create a playlist on Sporcle, you need to verify the email address you used during registration. Go to your Sporcle Settings to finish the process.

Report this User

Report this user for behavior that violates our Community Guidelines.

Details: